00310nam a2200121Ia 45000030006000000080041000060400015000471000025000622450041000872600031001285460012001590050017001710STCL150530s9999 xx 000 0 und d aSTCLcSTCL aUniversity of Madras aUniversity of Madras.1953-54 Vol III bUniversity of Madrasc1954 aEnglish20220125165725.0